[Event "Niederbayernliga 1112"]
[Site "Bayern"]
[Date "2012.??.??"]
[Round "8"]
[White "Schultes, Christoph"]
[Black "Ott, Anton"]
[Result "1-0"]
[WhiteElo "1839"]
[BlackElo "2015"]
[PlyCount "71"]
[EventDate "2011.10.??"]
[EventType "team-tourn"]
[EventRounds "9"]
[EventCountry "GER"]
[SourceTitle "EXT 2023"]
[Source "ChessBase"]
[SourceDate "2022.10.05"]
[SourceVersion "1"]
[SourceVersionDate "2022.10.05"]
[SourceQuality "1"]
[WhiteTeam "Landau Dingolfing"]
[BlackTeam "Roehrnbach"]
[WhiteTeamCountry "GER"]
[BlackTeamCountry "GER"]

1. d4 e6 2. c4 Nf6 3. g3 Bb4+ 4. Bd2 Qe7 5. Bg2 Nc6 6. a3 Bxd2+ 7. Qxd2 d6 8. Nc3 e5 9. Nf3 e4 10. Ng5 Na5 11. Nd5 Nxd5 12. Qxa5 Nf6 13. Nh3 0-0 14. 0-0 c6 15. Qd2 Re8 16. Rae1 Bf5 17. Nf4 Qd7 18. e3 g5 19. Ne2 Bh3 20. Nc3 d5 21. f3 Bxg2 22. Qxg2 exf3 23. Qxf3 Re6 24. Qf5 h6 25. cxd5 cxd5 26. Rf3 Rd6 27. Ref1 Qxf5 28. Rxf5 Kg7 29. Re5 Rd7 30. h3 Re8 31. Rxf6 Rxe5 32. dxe5 Re7 33. Rf5 Rd7 34. Kf2 Kg6 35. Rf6+ Kg7 36. Rd6 1-0